| 000 | 00482nam a2200169 i 4500 | ||
|---|---|---|---|
| 001 | 142602 | ||
| 003 | ES-MaACL | ||
| 005 | 20230906200553.0 | ||
| 007 | t| | ||
| 008 | 071009q19001930gw ||||1| ger d | ||
| 100 | 1 |
_aWieland, Christoph Martin. _9116762 |
|
| 245 | 1 | 0 |
_aWielands werke / _cherausgegeben... von Bernhard von Jacobi. |
| 260 |
_aBerlin : _b[Spaniersche, _c19--?] |
||
| 300 |
_a4 v. ; _c19 cm. |
||
| 710 | 1 |
_aJacobi, Bernhard von. _95331 |
|
| 852 |
_aES-MaACL _jG-111-4 |
||
| 999 |
_c142602 _d142602 |
||